000 00292nam a22001337a 4500
008 181031b xxu||||| |||| 00| 0 eng d
020 _a9780735527812
041 _aeng
080 _a340
100 _a14
101 _aSHJ
245 _aConstitutional Law
_cChemerinsky,E
942 _2udc
_cBK
999 _c51311
_d51311